Programming and customizing the PIC microcontroller / (Record no. 33243)

MARC details
000 -LEADER
fixed length control field 01170cam a2200289 a 4500
005 - DATE AND TIME OF LATEST TRANSACTION
control field 20230811144431.0
008 - FIXED-LENGTH DATA ELEMENTS--GENERAL INFORMATION
fixed length control field 090527s2008 nyua 001 0 eng
010 ## - LIBRARY OF CONGRESS CONTROL NUMBER
LC control number 2009419510
020 ## - INTERNATIONAL STANDARD BOOK NUMBER
ISBN 9780071472876
040 ## - CATALOGING SOURCE
Original cataloging agency DLC
Transcribing agency DLC
Modifying agency DLC
082 00 - DEWEY DECIMAL CLASSIFICATION NUMBER
Classification number 629.895
Edition number 22
Item number PRE-P
100 1# - MAIN ENTRY--AUTHOR
Author Name Predko, Michael.
245 10 - TITLE STATEMENT
Title Programming and customizing the PIC microcontroller /
Statement of responsibility, etc. Myke Predko.
250 ## - EDITION STATEMENT
Edition statement 3rd ed.
260 ## - PUBLICATION, DISTRIBUTION, ETC.
Place of Publication New York :
Name of publisher, distributor, etc. McGraw Hill,
Date of publication, distribution, etc. c2008.
300 ## - PHYSICAL DESCRIPTION
Pages xxiii,1263 p. :
500 ## - GENERAL NOTE
General note Includes index.
650 #0 - SUBJECT ADDED ENTRY--TOPICAL TERM
Subject / Department Programmable controllers.
650 #0 - SUBJECT ADDED ENTRY--TOPICAL TERM
Subject / Department Microcontrollers.
650 #0 - SUBJECT ADDED ENTRY--TOPICAL TERM
Subject / Department PIC microcontrollers.
300 ## - PHYSICAL DESCRIPTION
-- ill. ;
-- 24 cm.
856 42 -
-- Contributor biographical information
-- http://www.loc.gov/catdir/enhancements/fy1002/2009419510-b.html
856 42 -
-- Publisher description
-- http://www.loc.gov/catdir/enhancements/fy1002/2009419510-d.html
856 41 -
-- Table of contents only
-- http://www.loc.gov/catdir/enhancements/fy1002/2009419510-t.html
906 ## - LOCAL DATA ELEMENT F, LDF (RLIN)
a 7
b cbc
c origcop
d 2
e ocip
f 20
g y-gencatlg
952 ## - LOCATION AND ITEM INFORMATION (KOHA)
-- 0
-- 0
Holdings
Lost status Damaged status Permanent Location Current Location Shelving Location Date acquired Full Call Number Accession No./Barcode Date last seen item type
    Superior Information Resource Center (SIRC) Superior University- Gold Campus Superior Information Resource Center (SIRC) Superior University- Gold Campus Computer Science 08/11/2023 629.895 PRE-P 2008 19620 08/11/2023 BOOK

Powered by Koha